Introduction to sociology and anthropology / (Record no. 163)

MARC details
000 -LEADER
fixed length control field 00665nam a2200229 4500
003 - CONTROL NUMBER IDENTIFIER
control field OSt
005 - DATE AND TIME OF LATEST TRANSACTION
control field 20240605015531.0
008 - FIXED-LENGTH DATA ELEMENTS--GENERAL INFORMATION
fixed length control field 240605b |||||||| |||| 00| 0 eng d
020 ## - INTERNATIONAL STANDARD BOOK NUMBER
International Standard Book Number 9789712348754
040 ## - CATALOGING SOURCE
Original cataloging agency DWCL-Main lib.
Transcribing agency OC
082 ## - DEWEY DECIMAL CLASSIFICATION NUMBER
Edition number Revised edition
Classification number Fil. 301 P163i 2007
006 - FIXED-LENGTH DATA ELEMENTS--ADDITIONAL MATERIAL CHARACTERISTICS
fixed length control field a
100 ## - MAIN ENTRY--PERSONAL NAME
Personal name PALISPIS, EPITACIO S.
245 ## - TITLE STATEMENT
Title Introduction to sociology and anthropology /
250 ## - EDITION STATEMENT
Edition statement Revised edition
260 ## - PUBLICATION, DISTRIBUTION, ETC.
Place of publication, distribution, etc. Manila :
Name of publisher, distributor, etc. Rex Book Store, Inc.,
Date of publication, distribution, etc. c2007.
300 ## - PHYSICAL DESCRIPTION
Extent vi,
Other physical details 497 p. ;
Dimensions 22 cm.
650 ## - SUBJECT ADDED ENTRY--TOPICAL TERM
Topical term or geographic name entry element 1. Sociology
650 ## - SUBJECT ADDED ENTRY--TOPICAL TERM
Topical term or geographic name entry element 2. Anthropology
700 ## - ADDED ENTRY--PERSONAL NAME
Personal name EPITACIO S. PALISPIS
942 ## - ADDED ENTRY ELEMENTS (KOHA)
Source of classification or shelving scheme Dewey Decimal Classification
Suppress in OPAC No
Koha item type Book-Filipiniana
Edition Revised edition
Call number prefix Fil.
Holdings
Withdrawn status Lost status Source of classification or shelving scheme Damaged status Not for loan Home library Current library Shelving location Date acquired Source of acquisition Total Checkouts Full call number Barcode Date last seen Copy number Price effective from Koha item type Uniform Resource Identifier
    Dewey Decimal Classification     College Library College Library Filipiniana 11/10/2007 School Fund   Fil. 301 P163i 2007 CL45366 06/05/2024 c1 06/05/2024 Book-Filipiniana
    Dewey Decimal Classification     College Library College Library Filipiniana 03/23/2012 School Fund   Fil. 301 P163i 2007 CL49156 06/05/2024 c2 06/05/2024 Book-Filipiniana
    Dewey Decimal Classification     College Library College Library Filipiniana 06/04/2012 School Fund   Fil. 301 P163i 2007 CL49292 06/05/2024 c3 06/05/2024 Book-Filipiniana
    Dewey Decimal Classification     College Library College Library Filipiniana 01/06/2014 School Fund   Fil. 301 P163i 2007 CL50513 06/05/2024 c4 06/05/2024 Book-Filipiniana